Harmony and composition (Record no. 15931)
[ view plain ]
| 000 -LEADER | |
|---|---|
| fixed length control field | 00476nam a22001457a 4500 |
| 008 - FIXED-LENGTH DATA ELEMENTS--GENERAL INFORMATION | |
| fixed length control field | 160422b xxu||||| |||| 00| 0 eng d |
| 020 ## - INTERNATIONAL STANDARD BOOK NUMBER | |
| International Standard Book Number | 1412033330 |
| 050 ## - LIBRARY OF CONGRESS CALL NUMBER | |
| Classification number | MT50 |
| Item number | .J36 2005 c. 1 |
| 100 ## - MAIN ENTRY--PERSONAL NAME | |
| Personal name | Jamini, Deborah |
| 245 ## - TITLE STATEMENT | |
| Title | Harmony and composition |
| Remainder of title | basics to intermediate |
| Statement of responsibility, etc. | Deborah Jamini |
| 260 ## - PUBLICATION, DISTRIBUTION, ETC. (IMPRINT) | |
| Place of publication, distribution, etc. | Canada |
| Name of publisher, distributor, etc. | Trafford publishing |
| Date of publication, distribution, etc. | 2005 |
| 300 ## - PHYSICAL DESCRIPTION | |
| Extent | xxv, 485 p. |
| Accompanying material | Accompanied by DVD |
| 650 ## - SUBJECT ADDED ENTRY--TOPICAL TERM | |
| Topical term or geographic name as entry element | Music |
| 942 ## - ADDED ENTRY ELEMENTS (KOHA) | |
| Source of classification or shelving scheme | Library of Congress Classification |
| Koha item type | General Collection |
| Classification part | MT50 .J36 2005 c. 1 |
| Withdrawn status | Lost status | Source of classification or shelving scheme | Not for loan | Home library | Current library | Shelving location | Date acquired | Total Checkouts | Total Renewals | Full call number | Barcode | Date last seen | Date last checked out | Copy number | Price effective from | Koha item type |
|---|---|---|---|---|---|---|---|---|---|---|---|---|---|---|---|---|
| Library of Congress Classification | Kabarak, Main Campus | Kabarak, Main Campus | General Stacks | 22/04/2016 | 10 | 1 | MT50 .J36 2005 c. 1 | 026208 | 30/06/2023 | 30/06/2023 | c. 1 | 22/04/2016 | General Collection |